000 00464nam a2200169 a 4500
008
049 _aMAIN
245 1 0 _aThematic debate : Autonomy, social responsibilty amd academic freedom.
260 _a[s.i. :
_bs.n. ,
_c 19--?.
300 _a12 p.
490 _aUNESCO .Paris 5-9 October 1998.
907 _a.b10250712
_b06-09-07
_c06-09-07
003
005 20230123134506.0
040 _cNUST
942 _cBOOKS
999 _c166881
_d166881